តន្រ្តីនិងជីវិតខ្មែរ / (Record no. 6692)

MARC details
000 -LEADER
fixed length control field 04335nam a22002417a 4500
001 - CONTROL NUMBER
control field 6692
003 - CONTROL NUMBER IDENTIFIER
control field FISKH
005 - DATE AND TIME OF LATEST TRANSACTION
control field 20250521102322.0
008 - FIXED-LENGTH DATA ELEMENTS--GENERAL INFORMATION
fixed length control field 250521b cb ||||| |||| 00| 0 eng d
040 ## - CATALOGING SOURCE
Original cataloging agency FISKH
Language of cataloging khr
Transcribing agency FISKH
Modifying agency FISKH
082 ## - DEWEY DECIMAL CLASSIFICATION NUMBER
Classification number 781.62009596
100 ## - MAIN ENTRY--PERSONAL NAME
Personal name Narom, Keo
245 ## - TITLE STATEMENT
Title តន្រ្តីនិងជីវិតខ្មែរ /
Statement of responsibility, etc. បណ្ឌិត កែវ ណារុំ
250 ## - EDITION STATEMENT
Edition statement បោះពុម្ពលើកទី២
260 ## - PUBLICATION, DISTRIBUTION, ETC.
Place of publication, distribution, etc. ភ្នំពេញ :
Name of publisher, distributor, etc. បណ្ណាល័យ ឆពណ្ណរង្សី​ ,
Date of publication, distribution, etc. ២០១១ .
300 ## - PHYSICAL DESCRIPTION
Extent 299 pages :
Other physical details illustrations, maps ;
Dimensions 21 cm .
520 ## - SUMMARY, ETC.
Summary, etc. សៀវភៅ "តន្រ្តីនិងជីវិតខ្មែរ" ដែលសរសេរដោយ អ្នកស្រី កែវ ណារុំ គឺជាស្នាដៃដែលសិក្សាអំពីទំនាក់ទំនងជាខ្លាំងរវាងតន្រ្តីប្រពៃណីខ្មែរ និងវប្បធម៌ ចិត្តវិញ្ញាណ និងសង្គមរបស់ជីវិតប្រជាជនខ្មែរ។ សៀវភៅនេះរំលឹកពីរបៀបដែលតន្រ្តីក្លាយជាវិធីបង្ហាញរឿងរ៉ាវ ការសម្ដែងអារម្មណ៍ និងការថែរក្សាអត្តសញ្ញាណខ្មែរ ជាពិសេសក្នុងស្ថានភាពមានការរអាក់រអួលក្នុងប្រវត្តិសាស្ត្រ។<br/><br/>តាមរយៈស្នាដៃនេះ អ្នកស្រីកែវ ណារុំ បានបង្ហាញពីតួនាទីសំខាន់នៃតន្រ្តីក្នុងពិធីប្រជុំប្រជា ពិធីបុណ្យនានា និងក្នុងជីវិតប្រចាំថ្ងៃ ដោយបញ្ជាក់ថា តន្រ្តីមានន័យជាងការកំសាន្តទេ។ សៀវភៅនេះក៏បានបញ្ជាក់ពីបញ្ហា និងអាក្រក់ស្ថានភាពដែលតន្រ្តីប្រពៃណីកំពុងប្រឈមនៅកម្ពុជាសម័យបច្ចុប្បន្ន និងការខិតខំក្នុងការរក្សា និងស្ដារឡើងវិញនូវមរតកវប្បធម៌ដ៏មានតម្លៃនេះ។<br/><br/>ជាសរុប សៀវភៅ "តន្រ្តីនិងជីវិតខ្មែរ" ជាស្នាដៃដែលផ្តល់ជាការយល់ដឹងទូលំទូលាយអំពីរបៀបដែលតន្រ្តីបានសម្របសម្រួលជាមួយនឹងសារៈសំខាន់នៃវប្បធម៌ខ្មែរ ដោយធ្វើជាកែវសម្គាល់ និងអ្នកថែរក្សាប្រពៃណីដ៏សម្បូរបែបនៃជាតិខ្មែរ។
520 ## - SUMMARY, ETC.
Summary, etc. The book "Music and Khmer Life" by Kea Narum explores the profound connection between traditional Khmer music and the cultural, spiritual, and social fabric of Cambodian life. It delves into how music serves as a medium for storytelling, emotional expression, and the preservation of Khmer identity, especially in the face of historical upheavals.<br/><br/>Through this work, Kea Narum highlights the role of music in community rituals, celebrations, and daily life, illustrating its significance beyond mere entertainment. The book also addresses the challenges faced by traditional music in contemporary Cambodia and the efforts to revitalize and sustain this cultural heritage.<br/><br/>Overall, "Music and Khmer Life" offers a comprehensive look at how music intertwines with the essence of Cambodian culture, serving as both a reflection and a custodian of its rich traditions.​
650 ## - SUBJECT ADDED ENTRY--TOPICAL TERM
Topical term or geographic name entry element ប្រទេសកម្ពុជា -- ជីវិតសង្គម និងទំនៀមទម្លាប់
650 ## - SUBJECT ADDED ENTRY--TOPICAL TERM
Topical term or geographic name entry element Cambodia -- Social life and customs
942 ## - ADDED ENTRY ELEMENTS (KOHA)
Source of classification or shelving scheme Dewey Decimal Classification
Koha item type Khmer Books
Suppress in OPAC No
Holdings
Withdrawn status Lost status Source of classification or shelving scheme Damaged status Not for loan Collection Home library Current library Shelving location Date acquired Total Checkouts Full call number Barcode Date last seen Copy number Price effective from Koha item type
    Dewey Decimal Classification     Khmer Language Books / សៀវភៅភាសាខ្មែរ Footprints International School Library Network Toul Tom Poung Campus Footprints International School Library Network Toul Tom Poung Campus TTP Secondary Khmer Bookshelves 05/21/2025   NAR 781.62009596 FISSE01618 05/21/2025 1 05/21/2025 Khmer Books
    Dewey Decimal Classification     Khmer Language Books / សៀវភៅភាសាខ្មែរ Footprints International School Library Network Toul Tom Poung Campus Footprints International School Library Network Toul Tom Poung Campus TTP Secondary Khmer Bookshelves 05/22/2025   NAR 781.62009596 FISSE01624 05/22/2025 2 05/22/2025 Khmer Books